000 00567nam a2200193 a 4500
001 BRCA_2018
005 20190320203633.0
008 170608s2006----mx-a######---#000-0#spa-#
020 _a9685234582 (Obra completa)
041 _aspa
044 _amx
050 4 _aNA702.6
_b.A77 2006
245 1 0 _aArquitectos iberoamericanos
_bsiglo XXI.
260 _aMéxico
_bFomento Cultural Banamex
_c2006
300 _a2 v.
_bil. a color, planos
_c33 cm.
504 _aBibliografĂ­a: p. 600-604 (v.2)
650 1 4 _aArquitectura
_xHistoria
_zLatinoamerica
_96169
942 _2lcc
_cB
999 _c1784
_d1784